Logo de marque - Statistiques

Statistiques générales
  • Ce quiz a été pris 220 fois
  • Le résultat moyen est 58 sur 70
Statistiques - réponses
Par images Réponse % Correct
adidas
100%
amazon
100%
pepsi
100%
google
99%
kfc
99%
lego
99%
puma
99%
facebook
98%
ikea
98%
instagram
98%
monster
98%
nike
98%
snapchat
98%
spotify
98%
lacost
97%
levis
97%
redbull
97%
tiktok
97%
twitter
97%
xbox
97%
coca cola
96%
microsoft
96%
nintendo
96%
playstation
96%
starbucks
96%
lipton
95%
visa
94%
burger king
93%
gmail
93%
doritos
92%
michelin
92%
youtube
92%
snickers
91%
lays
90%
paypal
90%
pringles
90%
android
89%
marvel
89%
master card
89%
whatsapp
89%
dove
88%
evian
88%
sprite
88%
wikipedia
88%
monopoly
86%
mac donald
84%
pizza hut
84%
fedex
83%
rolex
83%
pinterest
82%
heineken
79%
jetpunk
79%
shell
79%
airbnb
78%
discord
78%
netflix
78%
nba
76%
linkedin
71%
nerf
70%
nickelodeon
70%
air jordan
60%
tripadvisor
60%
kellogg s
59%
nescafe
49%
adobe
47%
under armour
46%
polo
42%
ing
22%
premiere league
16%
hilton
8%
Aucun quiz correspondant
Distribution des résultats
% des personnes avec chaque résultat
Percentile par nombre de réponses
Votre historique - résultats
Vous n’avez pas pris ce quiz